| 000 | 00572nam a2200181 i 4500 | ||
|---|---|---|---|
| 001 | 145038 | ||
| 003 | ES-MaACL | ||
| 005 | 20230906201142.0 | ||
| 007 | t| | ||
| 008 | 070214s1901 fr r ||||1| fre d | ||
| 100 | 1 |
_aSollier, Paul. _9107228 |
|
| 245 | 1 | 0 |
_aPsychologie de l'idiot et de l'imbécile / _cpar le Dr. Paul Sollier. |
| 250 | _a2ème éd., rev. | ||
| 260 |
_aParis : _bFélix Alcan, _c1901 ( _eTours : _fE. Arrault) |
||
| 300 |
_aIII, 236 p. ; _c23 cm + _e12 lám. pleg. |
||
| 650 | 4 |
_aPersonas con discapacidad mental. _9155071 |
|
| 852 |
_aES-MaACL _jB-7163 |
||
| 999 |
_c145038 _d145038 |
||